Statistiche per Paesi dell'Europa Quiz

Clicka qui per fare il quiz!

Statistiche generali

  • Questo quiz è stato fatto 271 volte
  • Il punteggio medio è 39 su 45

Risposte nella Mappa

Le risposte nella mappa del quiz sottostante sono codificate secondo una scala di colori dal rosso al verde in base alla % di persone che hanno risposto correttamente.
Caricamento ...
 

Statistiche sulle risposte

Paese % Correct
⭐️Italia
98%
⭐️Francia
95%
⭐️Grecia
95%
⭐️Austria
93%
Russia
92%
⭐️Spagna
91%
⭐️Germania
91%
⭐️Irlanda
91%
⭐️Belgio
90%
⭐️Portogallo
90%
Svizzera
90%
Islanda
89%
⭐️Romania
89%
⭐️Paesi Bassi
89%
⭐️Polonia
88%
Norvegia
88%
⭐️Regno Unito
88%
Città del
Vaticano
88%
⭐️Finlandia
87%
⭐️Svezia
87%
⭐️Lettonia
87%
⭐️Estonia
87%
Andorra
87%
Macedonia
87%
⭐️Lituania
86%
⭐️Croazia
86%
Bielorussia
86%
Albania
86%
San Marino
85%
⭐️Danimarca
85%
⭐️Malta
84%
⭐️Slovenia
84%
⭐️Bulgaria
84%
⭐️Lussemburgo
83%
Bosnia ed
Erzegovina
83%
Montenegro
83%
⭐️Repubblica
Ceca
82%
Monaco
81%
Ucraina
81%
Serbia
79%
⭐️Slovacchia
79%
⭐️Ungheria
79%
Moldavia
76%
Kosovo
76%
Liechtenstein
75%

Distribuzione punteggi

Percentile per numero di risposta

Percentuale di utenti per punteggio

I tuoi punteggi nel tempo

Non hai fatto questo quiz